书目信息 |
| 题名: |
体育舞蹈“中国化”研究
|
|
| 作者: | 王莹 著 | |
| 分册: | ||
| 出版信息: | 长春 吉林美术出版社 2018 |
|
| 页数: | 305页 | |
| 开本: | 24cm | |
| 丛书名: | ||
| 单 册: | ||
| 中图分类: | J722.8 , G883 | |
| 科图分类: | ||
| 主题词: | 体育舞蹈--ti yu wu dao--研究--中国 | |
| 电子资源: | ||
| ISBN: | 978-7-5575-3119-5 | |
| 000 | 00947cam0 2200265 450 | |
| 001 | 012001009364 | |
| 005 | 20140101142743.0 | |
| 010 | @a978-7-5575-3119-5@dCNY70.00 | |
| 099 | @aCAL 012018183458 | |
| 100 | @a20181009d2018 em y0chiy50 ea | |
| 101 | 0 | @achi |
| 102 | @aCN@b220000 | |
| 105 | @ay a 000yy | |
| 106 | @ar | |
| 200 | 1 | @a体育舞蹈“中国化”研究@Ati yu wu dao “ zhong guo hua ” yan jiu@f王莹著 |
| 210 | @a长春@c吉林美术出版社@d2018 | |
| 215 | @a305页@d24cm | |
| 320 | @a有书目 (第302-305页) | |
| 330 | @a本书主要讲述了在经济、文化多元化发展的今天, 中国元素毫无疑问成为了代表中国文化的一种符号、一种象征。体育舞蹈是一个被老一辈舞蹈艺术家们称为“舶来品”的一项兼体育、健身、舞台艺术、表演、竞技于一体的体育运动项目。 | |
| 606 | 0 | @a体育舞蹈@Ati yu wu dao@x研究@y中国 |
| 690 | @aJ722.8@v5 | |
| 690 | @aG883@v5 | |
| 701 | 0 | @a王莹@Awang ying@4著 |
| 801 | 0 | @aCN@b上海新华@c20191020 |
| 905 | @b1187910-3@dJ722.8@e239@f4 | |
| 体育舞蹈“中国化”研究/王莹著.-长春:吉林美术出版社,2018 |
| 305页;24cm |
| ISBN 978-7-5575-3119-5:CNY70.00 |
| 本书主要讲述了在经济、文化多元化发展的今天, 中国元素毫无疑问成为了代表中国文化的一种符号、一种象征。体育舞蹈是一个被老一辈舞蹈艺术家们称为“舶来品”的一项兼体育、健身、舞台艺术、表演、竞技于一体的体育运动项目。 |
| ● |
| 相关链接 |
|
|
|
|
正题名:体育舞蹈"中国化"研究
索取号:J722.8/239
 
预约/预借
| 序号 | 登录号 | 条形码 | 馆藏地/架位号 | 状态 | 备注 |
| 1 | 1187910 | 211879109 | 第一样本阅览室/ [索取号:J722.8/239] | 在馆 | |
| 2 | 1187911 | 211879118 | 第一借阅区/ [索取号:J722.8/239] | 在馆 | |
| 3 | 1187912 | 211879127 | 第一借阅区/ [索取号:J722.8/239] | 在馆 | |
| 4 | 1187913 | 211879136 | 第一借阅区/ [索取号:J722.8/239] | 在馆 |